000 00322nam a2200133Ia 4500
008 221030s9999 xx 000 0 und d
041 _aEnglish
100 _aB. R. Gupta
245 0 _aFundamentals of Electrical Machines
_cby B. R. Gupta, V. Singhal
260 _c0
650 _aB
700 _aV. Singhal
942 _cBK
999 _c16598
_d16598